000 00460nam a2200157 i 4500
001 99697
003 ES-MaACL
005 20230906182536.0
007 t|
008 050915s1961 sp ||||1| spa d
100 1 _aMartínez Cano, Pedro.
_977923
245 1 0 _aEspiritualidad de hoy
_b: Crucifixión perfecta /
_cPedro Martínez Cano, S. J.
260 _aMadrid :
_bRazón y Fé,
_c1961.
300 _a504 p. ;
_c18 cm.
852 _aES-MaACL
_jC-20225
_bR.48448
999 _c99697
_d99697